Money, banking, and financial markets/

Bewaard in:
Bibliografische gegevens
Hoofdauteur: CECCHETTI, Stephen G.
Formaat: Boek
Taal:Engels
Gepubliceerd in: McGraw-Hill Education, 2021. 2017
Tags: Voeg label toe
Geen labels, Wees de eerste die dit record labelt!

MARC

LEADER 00000nam a22000007a 4500
008 240305b |||||||| |||| 00| 0 eng d
020 |a 978-1- 260-57136-3 
100 |a CECCHETTI, Stephen G. 
245 |a Money, banking, and financial markets/   |c Stephen G. Cecchetti and Kermit L. Schoenholtz.  |g xxxiv, 672p. : ill.  
250 |b 5th ed. 
260 |b McGraw-Hill Education, 2021.   |c 2017  |h New York:  |i 702868  |l HG221 .C32  |m Money.   |m Banks and banking.  |m Finance  |m Schoenholtz, Kermit L.   |m Money, banking, and financial markets 
500 |a “It includes index.” 
942 |a lcc  |c BK  |e adeniran F. A.  |f 5/3/2024 
999 |c 2453  |d 2453